|
|
|
|
| LEADER |
00000nam0a2200000 4500 |
| 001 |
262774 |
| 005 |
20231031222154.0 |
| 020 |
|
|
|a RU
|b 82-58304
|
| 035 |
|
|
|a (RuTPU)RU\TPU\book\285757
|
| 090 |
|
|
|a 262774
|
| 100 |
|
|
|a 20140603d1982 k y0rusy5003 ca
|
| 101 |
0 |
|
|a rus
|
| 102 |
|
|
|a RU
|
| 105 |
|
|
|a a z 001zy
|
| 200 |
1 |
|
|a Поверхность контакта фаз и массообмен в тарельчатых ректификационных аппаратах
|f Б. А. Ульянов
|
| 210 |
|
|
|a Иркутск
|c Изд-во Иркутского ун-та
|d 1982
|
| 215 |
|
|
|a 129 с.
|c ил.
|
| 610 |
1 |
|
|a ректификационные колонны
|
| 610 |
1 |
|
|a тарельчатые колонны
|
| 610 |
1 |
|
|a массообмен
|
| 610 |
1 |
|
|a межфазные поверхности
|
| 675 |
|
|
|a 66.048
|z rus
|
| 700 |
|
1 |
|a Ульянов
|b Б. А.
|g Борис Александрович
|4 070
|
| 801 |
|
0 |
|a RU
|b RuMRKP
|c 19950704
|g psbo
|
| 801 |
|
1 |
|a RU
|b 63413507
|c 20140603
|
| 801 |
|
2 |
|a RU
|b 63413507
|c 20220201
|g RCR
|
| 942 |
|
|
|c BK
|